[Event "Barcelona Sant Marti op-B 23rd"]
[Site "Barcelona"]
[Date "2023.07.14"]
[Round "2"]
[White "Izquierdo Sanchez, Alejandro"]
[Black "Vardanyan Asilbekyan, Ani"]
[Result "0-1"]
[WhiteElo "1290"]
[BlackElo "1504"]
[PlyCount "50"]
[EventDate "2023.07.13"]
[EventType "swiss"]
[EventRounds "9"]
[EventCountry "ESP"]
[SourceTitle "CBM 215 Extra"]
[Source "ChessBase"]
[SourceDate "2023.09.30"]
[SourceVersion "1"]
[SourceVersionDate "2023.09.30"]
[SourceQuality "1"]

1. e4 c5 2. Bc4 e6 3. Nf3 Nc6 4. c3 Nf6 5. d3 d5 6. exd5 exd5 7. Bb5 Bd6 8. 0-0 0-0 9. Bg5 h6 10. Bh4 Bd7 11. Nbd2 a6 12. Ba4 b5 13. Bb3 g5 14. Nxg5 hxg5 15. Bxg5 c4 16. dxc4 bxc4 17. Bc2 Kg7 18. Re1 Bxh2+ 19. Kh1 Rh8 20. Nf3 Ng4 21. Qd2 Nxf2+ 22. Qxf2 Bg3+ 23. Nh2 Rxh2+ 24. Kg1 Bxf2+ 25. Kxh2 Qh8+ 0-1

[Event "Barcelona Sant Marti op-B 23rd"]
[Site "Barcelona"]
[Date "2023.07.13"]
[Round "1"]
[White "Vardanyan Asilbekyan, Ani"]
[Black "Rojas Fernandez, Andres"]
[Result "0-1"]
[WhiteElo "1504"]
[BlackElo "1847"]
[PlyCount "88"]
[EventDate "2023.07.13"]
[EventType "swiss"]
[EventRounds "9"]
[EventCountry "ESP"]
[SourceTitle "CBM 215 Extra"]
[Source "ChessBase"]
[SourceDate "2023.09.30"]
[SourceVersion "1"]
[SourceVersionDate "2023.09.30"]
[SourceQuality "1"]

1. e4 e6 2. d4 d5 3. exd5 exd5 4. Nf3 Bd6 5. c4 c6 6. Nc3 Ne7 7. Bd3 dxc4 8. Bxc4 0-0 9. 0-0 Bg4 10. h3 Bh5 11. g4 Bg6 12. Ne5 b5 13. Nxg6 Nxg6 14. Bb3 Na6 15. d5 b4 16. Ne4 c5 17. Nxd6 Qxd6 18. Be3 Rac8 19. Rc1 Nf4 20. Qf3 Nd3 21. Rc2 Ne5 22. Qe2 Rfe8 23. Re1 Nd7 24. Rd1 Re7 25. Qf3 Ne5 26. Qf5 Rd8 27. Bg5 f6 28. Be3 g6 29. Qf4 Rc7 30. Qe4 Re7 31. Qf4 Rc8 32. Qg3 c4 33. f4 Nxg4 34. hxg4 Rce8 35. Bxc4 Rxe3 36. Qf2 Nc5 37. Rf1 Nd3 38. Bxd3 Rxd3 39. Rc6 Qxd5 40. Rxf6 Rd2 41. Qf3 Qd4+ 42. Rf2 Rxf2 43. Qxf2 Qxf6 44. g5 Qe6 0-1

[Event "Barcelona Sant Marti op-B 22nd"]
[Site "Barcelona"]
[Date "2022.07.17"]
[Round "5"]
[White "Vardanyan Asilbekyan, Ani"]
[Black "Corominas Garrido, Jordi"]
[Result "0-1"]
[WhiteElo "1157"]
[BlackElo "1686"]
[PlyCount "108"]
[EventDate "2022.07.13"]
[EventType "swiss"]
[EventRounds "9"]
[EventCountry "ESP"]
[SourceTitle "CBM 210 Extra"]
[Source "ChessBase"]
[SourceDate "2022.11.30"]
[SourceVersion "1"]
[SourceVersionDate "2022.11.30"]
[SourceQuality "1"]

1. e4 e6 2. d4 d5 3. exd5 exd5 4. c4 c6 5. Nc3 Be6 6. Nf3 Be7 7. Bf4 Nf6 8. Be2 0-0 9. 0-0 Nbd7 10. Rc1 dxc4 11. Qc2 Nd5 12. Bg3 Nxc3 13. Qxc3 b5 14. Rfd1 Bd5 15. Nd2 Rc8 16. Bf3 Nf6 17. Qc2 Bxf3 18. Nxf3 Qd5 19. Re1 Bd6 20. Bxd6 Qxd6 21. Re5 Nd7 22. Rh5 Qg6 23. Qxg6 hxg6 24. Rh3 Rfe8 25. Kf1 Re4 26. Rc3 f6 27. Ra3 Rc7 28. Ra5 g5 29. Rg3 Nb6 30. Ra3 g4 31. Nh4 Rxd4 32. Ke2 Nd5 33. Nf5 Re4+ 34. Kf1 Re5 35. Ne3 f5 36. Nxd5 cxd5 37. Ra6 Rce7 38. Re3 d4 39. Rxe5 Rxe5 40. Rd6 d3 41. a3 Kf7 42. f3 Ke7 43. Rd4 gxf3 44. gxf3 Ke6 45. f4 Re4 46. Rxe4+ fxe4 47. Kf2 Kf5 48. h3 Kxf4 49. Ke1 e3 50. h4 g6 51. Kf1 Kf3 52. Ke1 Kg2 53. Kd1 Kf1 54. h5 e2+ 0-1

[Event "Barcelona Sant Marti op-B 22nd"]
[Site "Barcelona"]
[Date "2022.07.15"]
[Round "3"]
[White "Vardanyan Asilbekyan, Ani"]
[Black "Palacios Pena, Gerardo"]
[Result "1-0"]
[WhiteElo "1157"]
[BlackElo "1841"]
[PlyCount "59"]
[EventDate "2022.07.13"]
[EventType "swiss"]
[EventRounds "9"]
[EventCountry "ESP"]
[SourceTitle "CBM 210 Extra"]
[Source "ChessBase"]
[SourceDate "2022.11.30"]
[SourceVersion "1"]
[SourceVersionDate "2022.11.30"]
[SourceQuality "1"]

1. e4 c6 2. d4 d5 3. exd5 cxd5 4. c4 Nf6 5. Nc3 Nc6 6. Be2 e6 7. Nf3 dxc4 8. Bxc4 Be7 9. 0-0 0-0 10. Be3 a6 11. a4 Qc7 12. Qe2 b6 13. Rfd1 Bb7 14. d5 exd5 15. Nxd5 Nxd5 16. Bxd5 Bf6 17. Rac1 Rac8 18. Bxc6 Bxc6 19. Nd4 Bxd4 20. Rxd4 Qb7 21. Rg4 Bd7 22. Rxc8 Rxc8 23. Rg3 Qe4 24. h3 b5 25. Rxg7+ Kh8 26. Rxf7 Bxh3 27. f3 Rc1+ 28. Kh2 Qe5+ 29. f4 Qe4 30. Bd4+ 1-0